=LDR 00000nam 2200000 4500 =001 INLIS000000000059407 =005 20220309091014 =035 ##$$a 0010-1121000144 =007 ta =008 220309###########################0###### =020 ##$$a 978-602-8593-00-7 =082 ##$$a 321.1 =084 ##$$a 321.1.Tal.k =245 ##$$a Kybernology [Ilmu Pemerintahan Baru } =250 ##$$a Cet.1 =300 ##$$a 741 hlm : $b Ilustrasi ; $c 30 Cm. =600 #4$$a Pemerintahan Ilmu =264 ##$$a jakarta :$b Rineka Cipta,$c 2003 =336 ##$$a teks$2 rdacontent =337 ##$$a lain-lain$2 rdamedia =338 ##$$a lain-lain$2 rdacarrier =990 ##$$a 3202102847